Responses for show #7021 - Monday, March 9, 2015

Contestants

[<< previous game]

Jen Jabaily Blackburn, an academic assistant from Northampton, Massachusetts

Mike Ewing, an attorney from Austin, Texas

Rachael Sims, a law school graduate from Sullivan, Illinois (whose 1-day cash winnings total $21,500)

[next game >>]

Jeopardy! Round responses

MARCH MADNESS
FILL OUT YOUR BRACKET
THE SWEET 16
(Alex: Sweet, because each correct response will be made up of a 16-letter word.)
THE ELITE ATE
THE FINAL 4
(Alex: ...in which you have to name the poet who wrote the last 4 words of the famous poem given.)
NCAA CHAMPS
    $200 1
(Alexander Graham) Bell

Rachael
    $200 5
(Mike: What is a television?)

bookshelf (or shelf)

MikeJen
    $200 25
(Mike: What is west?)

counterclockwise

Mike
Triple Stumper
    $200 15
caviar

Mike
    $200 8
Lewis Carroll

Mike
    $400 2
Kansas

Rachael
    $400 6
artillery

Rachael
    $400 19
Kobe

Mike
    $400 9
(Alex: Yes. "The Road Not Taken".)

Frost

Jen
    $400 14
(Patrick) Ewing

Jen
    $600 3
Mir

Rachael
    $600 13
sic

Mike
    $600 27
[The end-of-round signal sounds.]

unconstitutional

Mike
    $600 20
Thermidor

Rachael
    $600 10
Tennyson

Rachael
    $600 16
(Mike) Krzyzewski

Mike
    $800 4
Sweden

Mike
    $800 23
(Alex: [*}, with less than a minute to go now)

household

Rachael
    $800 26
incomprehensible

Jen
    $800 21
a watermelon

Mike
    $800 11
(Alex: "Death Be Not Proud".)

(John) Donne

Jen
    $800 17
Kentucky

Mike
    $1000 7
(Rachael: Who is Nero?)
(Mike: Who is Julius Caesar?)

Caligula

RachaelMike
Triple Stumper
    $1000 24
breeches

Jen
    $1000 22
truffles

Rachael
    $1000 12
(William Butler) Yeats

Rachael
    $1000 18
Magic Johnson

Mike

Scores at the first commercial break (after clue 15):

Rachael Mike Jen
$2,200 $600 $1,800

Scores at the end of the Jeopardy! Round:

Rachael Mike Jen
$4,600 $4,600 $3,600

Double Jeopardy! Round responses

PHILOSOPHY
TOP 5 HITMAKERS
DINOSAURS
WHAT A COUNTRY!
THERE B 3 "B"s
THE SCIENCE OF SECURITY
(Jimmy: From Lawrence Livermore National Laboratory, where technology that makes Americans safer also improves our daily lives.)
    $400 16
anarchy

Jen
    $400 6
Chuck Berry

Triple Stumper
    $400 17
wings

Mike
    $400 11
Canada

Rachael
    $400 1
bobble

Jen
    $400 18
fusion

Mike
    $800 25
deduction

Triple Stumper
    $800 7
(Rachael: Who is Cee Lo Green?)
(Mike: Who is Beyoncé?)

Gnarls Barkley

RachaelMikeJen
    $800 22
Stegosaurs

Jen
    $800 12
Liberia

Mike
    $1,200 2
the Bible Belt

Jen
    $800 19
carbon

Mike
    $1200 26
ethics

Jen
    $1200 8
Ellie Goulding

Triple Stumper
    $1200 23
China

Mike
    $1200 13
Brazil

Mike
    $1200 3
(Mike: What is babbling?)

blubbering

MikeJen
    $1200 20
low Earth orbit

Mike
    $1600 9
Creedence Clearwater Revival

Rachael
    $1600 27
the ostrich

Triple Stumper
    $2,200 14
Vatican City

Mike
    $1600 5
burn rubber

Mike
    $1600 21
Germanium

Jen
    $2000 10
Culture Club

Triple Stumper
    $2000 28
[The end-of-round signal sounds.]

a velociraptor

Rachael
    $2000 15
Georgia

Rachael
    $2000 4
a bobby soxer

Mike
    $2000 24
(Alex: Less than a minute to go, now, Mike.)

climate change

Triple Stumper

Scores at the end of the Double Jeopardy! Round:

Rachael Mike Jen
$9,800 $14,400 $11,200

[wagering suggestions for these scores]

Final Jeopardy! Round responses

LITERARY CHARACTERS
RachaelWho is Don Corleone
$9,800
JenWho is James Bond
$8,500
MikeWho is P. Marlowe
$6,400
James Bond

Final scores:

Rachael Mike Jen
$0 $8,000 $19,700
3rd place: $1,000 2nd place: $2,000 New champion: $19,700

Game dynamics:

Coryat scores:

Rachael Mike Jen
$9,800 $13,800 $10,800
13 R
(including 1 DD),
2 W
20 R
(including 1 DD),
5 W
14 R
(including 1 DD),
0 W

Combined Coryat: $34,400

The J! Archive is created by fans, for fans. Scraping, republication, monetization, and malicious use prohibited; this site may use cookies and collect identifying information. See terms. The Jeopardy! game show and all elements thereof, including but not limited to copyright and trademark thereto, are the property of Jeopardy Productions, Inc. and are protected under law. This website is not affiliated with, sponsored by, or operated by Jeopardy Productions, Inc. Join the discussion at JBoard.tv.